Vận dụng khoa nhân tướng học trong ứng xử và trong quản lí kinh doanh
Guardado en:
| Autor principal: | |
|---|---|
| Formato: | Libro |
| Lenguaje: | Undetermined |
| Publicado: |
Hà Nội
VHTT
1998
|
| Materias: | |
| Etiquetas: |
Agregar Etiqueta
Sin Etiquetas, Sea el primero en etiquetar este registro!
|
| Thư viện lưu trữ: | Trung tâm Học liệu Trường Đại học Cần Thơ |
|---|
| LEADER | 00533nam a2200169Ia 4500 | ||
|---|---|---|---|
| 001 | CTU_22545 | ||
| 008 | 210402s9999 xx 000 0 und d | ||
| 082 | |a 158.1 | ||
| 082 | |b V308 | ||
| 100 | |a Việt Chương | ||
| 245 | 0 | |a Vận dụng khoa nhân tướng học trong ứng xử và trong quản lí kinh doanh | |
| 245 | 0 | |c Việt Chương | |
| 260 | |a Hà Nội | ||
| 260 | |b VHTT | ||
| 260 | |c 1998 | ||
| 650 | |a physionomy,psychology, applied | ||
| 980 | |a Trung tâm Học liệu Trường Đại học Cần Thơ | ||